Adolescence / (Record no. 54664)
[ view plain ]
| 000 -LEADER | |
|---|---|
| fixed length control field | 01457nam a22003137a 4500 |
| 005 - DATE AND TIME OF LATEST TRANSACTION | |
| control field | 2011080208198.0 |
| 008 - FIXED-LENGTH DATA ELEMENTS--GENERAL INFORMATION | |
| fixed length control field | 110802t xxu||||| |||| 00| 0 eng d |
| 010 ## - LCCN (DPL NO) | |
| LC control number | ENG-103186 |
| 020 ## - INTERNATIONAL STANDARD BOOK NUMBER | |
| International Standard Book Number | 9780071332743 |
| Terms of availability | 595.00 |
| 020 ## - INTERNATIONAL STANDARD BOOK NUMBER | |
| International Standard Book Number | 007133274x |
| Terms of availability | 595.00 |
| 035 ## - SYSTEM CONTROL NUMBER | |
| System control number | EN-86719 |
| 037 ## - SOURCE OF ACQUISITION | |
| Source of stock number/acquisition | DBAD / PUB |
| 040 ## - CATALOGING SOURCE | |
| Original cataloging agency | dpl |
| Language of cataloging | English |
| 082 ## - DEWEY DECIMAL CLASSIFICATION NUMBER | |
| Classification number | 305.23 |
| 100 ## - MAIN ENTRY--PERSONAL NAME | |
| Personal name | Santrock, John W. |
| 9 (RLIN) | 29868 |
| 245 ## - TITLE STATEMENT | |
| Title | Adolescence / |
| Statement of responsibility, etc | by John W. Santrock |
| 250 ## - EDITION STATEMENT | |
| Edition statement | 12th ed |
| 260 ## - PUBLICATION, DISTRIBUTION, ETC. (IMPRINT) | |
| Place of publication, distribution, etc | New Delhi |
| Name of publisher, distributor, etc | Tata McGraw Hill |
| Date of publication, distribution, etc | 2011 |
| 270 ## - ADDRESS | |
| Address | 7, West Patel Nagar |
| City | New Delhi |
| Postal code | 110002 |
| 300 ## - PHYSICAL DESCRIPTION | |
| Extent | various pagings : |
| Dimensions | 28cm (pbk) |
| Other physical details | ill. |
| 500 ## - GENERAL NOTE | |
| General note | Includes bibliographical references and indexes |
| 505 ## - FORMATTED CONTENTS NOTE | |
| Formatted contents note | Introduction -- Appendix: Careers in adolescent development -- Puberty, health, and biological foundations -- The brain and cognitive development -- The self, identity, emotion, and personality -- Gender -- Sexuality -- Moral development, values, and religion -- Families -- Peers, romantic relationships, and lifestyles -- Schools -- Achievement, work, and careers -- Culture -- Problems in adolescence and emerging adulthood. |
| 650 ## - SUBJECT ADDED ENTRY--TOPICAL TERM | |
| 9 (RLIN) | 29869 |
| Topical term or geographic name as entry element | Adolescence |
| 650 ## - SUBJECT ADDED ENTRY--TOPICAL TERM | |
| Topical term or geographic name as entry element | Adolescent psychology |
| 9 (RLIN) | 30762 |
| 651 ## - SUBJECT ADDED ENTRY--GEOGRAPHIC NAME | |
| 9 (RLIN) | 1549 |
| 700 ## - ADDED ENTRY--PERSONAL NAME | |
| 9 (RLIN) | 29871 |
| 942 ## - ADDED ENTRY ELEMENTS (KOHA) | |
| Source of classification or shelving scheme | Dewey Decimal Classification |
| Item type | English Books |
| Classification part | 305.23 |
| Call number suffix | SAN |
| Withdrawn status | Lost status | Source of classification or shelving scheme | Damaged status | Not for loan | Collection code | Home library | Current library | Date acquired | Source of acquisition | Cost, normal purchase price | Total Checkouts | Full call number | Barcode | Date last seen | Copy number | Cost, replacement price | Koha item type |
|---|---|---|---|---|---|---|---|---|---|---|---|---|---|---|---|---|---|
| Dewey Decimal Classification | Not For Loan | Non-fiction | D.B.Act.Division | D.B.Act.Division | 02/08/2011 | DBAD/PUB | 595.00 | 305.23 SAN | EN-86719 | 02/08/2011 | 1 | 595.00 | English Books |
